Global divergence in trade, money and policy / (Record no. 17574)

MARC details
000 -LEADER
fixed length control field 01147cam a22002654a 4500
001 - CONTROL NUMBER
control field 14290638
005 - DATE AND TIME OF LATEST TRANSACTION
control field 20130930150734.0
008 - FIXED-LENGTH DATA ELEMENTS--GENERAL INFORMATION
fixed length control field 060307s2006 xxka b 101 0 eng
010 ## - LIBRARY OF CONGRESS CONTROL NUMBER
LC control number 2006007959
020 ## - INTERNATIONAL STANDARD BOOK NUMBER
International Standard Book Number 1845427734
020 ## - INTERNATIONAL STANDARD BOOK NUMBER
International Standard Book Number 9781845427733
082 00 - DEWEY DECIMAL CLASSIFICATION NUMBER
Classification number 337
Edition number 22
Item number GLO
245 00 - TITLE STATEMENT
Title Global divergence in trade, money and policy /
Statement of responsibility, etc edited by Volbert Alexander and Hans-Helmut Kotz.
260 ## - PUBLICATION, DISTRIBUTION, ETC. (IMPRINT)
Place of publication, distribution, etc Cheltenham, UK ;
-- Northampton, MA :
Name of publisher, distributor, etc E. Elgar,
Date of publication, distribution, etc 2006.
300 ## - PHYSICAL DESCRIPTION
Extent 239 p. :
Other physical details ill. ;
Dimensions 24 cm.
500 ## - GENERAL NOTE
General note "This book is a compliation of papers from a conference about 'Asymmetries in Trade and Currency Arrangements in the 21st Century' held as one of the main biennial conferences of the Athenian Policy Forum at Deutsche Bundesbank (Frankfurt, Germany) in July 2004."
504 ## - BIBLIOGRAPHY, ETC. NOTE
Bibliography, etc Includes bibliographical references and index.
650 #0 - SUBJECT ADDED ENTRY--TOPICAL TERM
Topical term or geographic name as entry element International trade
Form subdivision Congresses.
9 (RLIN) 33816
650 #0 - SUBJECT ADDED ENTRY--TOPICAL TERM
Topical term or geographic name as entry element Foreign exchange
Form subdivision Congresses.
9 (RLIN) 33817
650 #0 - SUBJECT ADDED ENTRY--TOPICAL TERM
Topical term or geographic name as entry element Monetary unions
Form subdivision Congresses.
9 (RLIN) 33818
653 ## - INDEX TERM--UNCONTROLLED
Resource For college
Arrived date list September2013
700 1# - ADDED ENTRY--PERSONAL NAME
Personal name Alexander, Volbert.
9 (RLIN) 33819
700 1# - ADDED ENTRY--PERSONAL NAME
Personal name Kotz, Hans-Helmut.
9 (RLIN) 33820
942 ## - ADDED ENTRY ELEMENTS (KOHA)
Source of classification or shelving scheme Dewey Decimal Classification
Item type Book - Borrowing
Holdings
Withdrawn status Item status Source of classification or shelving scheme Damaged status Not for loan Vendor Home library Current library Shelving location Date acquired Source of acquisition Total Checkouts Full call number Barcode Date last seen Koha item type
    Dewey Decimal Classification     Baccah Central Library Central Library First floor 30/09/2013     337 GLO 000029115 15/07/2025 Book - Borrowing
    Dewey Decimal Classification     Baccah Central Library Central Library First floor 30/09/2013     337 GLO 000029116 15/07/2025 Book - Borrowing
    Dewey Decimal Classification     Baccah Central Library Central Library First floor 30/09/2013     337 GLO 000029117 15/07/2025 Book - Borrowing